000 01601nam a2200337 c 4500
999 _c193598
_d193598
003 BLK
005 20190930131917.0
008 180411b bul|||||r ||||||| ||bul||
010 _aKNG00202814000
040 _aBLK
041 _aBUL
_cBUL
072 7 _2bullib
_aА
_xФонд Михаил Арнаудов
080 _aБългарска литература
_b821.163.2
_x-32
_z821.163.2-32
100 1 _aГеоргиев, Михалаки
_eпърви автор
_gЛозанов, Михалаки Георгиев
_9378111
139 _aГеоргиев, Михалаки
_bГ 37
245 1 0 _aИзбрани разкази
_bТ. 1 - 3
_cМихалаки Георгиев; под ред. на Александър Филипов; ред. на том Петър Николов Динеков.
_nТ. 3
257 _aBGR
260 _bХемус
_c1937 -
_fСофия : П. К Овчаров
_fЗа том: София : С. М. Стайков
300 _c18 см
380 _aX
490 _9396381
_aЧастна колекция - Академик Михаил Арнаудов
_gДарение - Основен фонд
500 _aПълното име на Михалаки Георгиев е Михалаки Георгиев Лозанов
659 _aА
700 1 _aФилипов, Александър
_eпод ред. на
_9364393
700 1 _aДинеков, Петър Николов
_eред. на том
_9363799
760 1 _aГеоргиев, Михалаки
_d1942
_h198 с.
_nМека подв., неразрязана
_tТ. 3
852 _aМА 588
_bМА
856 4 _qpdf
856 4 _qpdf
942 _cKNG
_n0
_s1
944 _aCR
_c13.03.2017
_kГеновева_Генчева
944 _aED
_c13.03.2017
_kГеновева_Генчева
999 _d193598